000 00495nam a2200181Ia 4500
003 GCL
008 140319s9999 xx 000 0 eng d
040 _aGCL /
_cGCL
082 0 4 _a306.0285
_bF A
100 1 _aFISCHER, MICHAEL D.
245 1 0 _aAPPLICATIONS IN COMPUTING FOR SOCIAL ANTHROPOGISTS /
_cFISCHER, MICHAEL D.
260 _a[S.N] :
_bROUTLEDGE ،
_c1992
300 _a233 P
650 0 4 _aMATHEMATICAL METHOD
650 0 4 _aDATA PROCESSING
650 0 4 _aETHNOLOGY
942 _2ddc
_cBK
999 _c17512
_d17512